01527nam a2200229Ia 4500001000600000003000900006008004100015040001300056040001300069041001500082100001100097100002900108245004700137245015900184250001100343260004500354260004900399300005700448500072600505650003501231650003101266K0533IT-RoPAU130308s9999 xx 000 0 und d aIT-RoPAU cIT-RoPAU aITALIANO  aAA.VV. gCodice Aut. SPICS: 12000 aGiovanni Battista Piranesi. Vedute di Roma bGiovanni Battista Piranesi. Vedute di Roma  a1a ed. bs.e. (senza Editrice o non identificata) c2000 [1° Ed.:2000 - Ed.Ling.Originale:2000] a"102 p. (prefazione: no ; testo: 102 [pagine: 0-0])" aCatalogo della mostra Tenutasi a Nettuno, forte Sangallo 17 Dicembre 2000 11 Febbraio 2001. Introduzione di V. Marzoli. presentazione di C. Strinati. Come una collezione di Acqueforti Passo' in possesso della mia Famiglia di E. Bruschwiler. Biografia di C. Marigliani. Roma, Piranesi o della Architettura incisa di A. Pampalone. Vedutine di Piranesi Ossia varie Vedute di Roma Antica e moderna di R. Barbiellini Amidei. convenzioni Sociali e nuove Evidenze biografiche in un Autoritratto Culturale di Giuseppe Vasi di P. Coen. Piranesi e I Rezzonico di C. Tempesta. Catalogo delle Opere Esposte. 67 Illustrazioni.  aAUTORI/OPERE DELLE ARTI VISIVE eCodice materia Spics: 5007